| 000 | 00454nam a2200145Ia 4500 | ||
|---|---|---|---|
| 008 | 231129s1999||||xx |||||||||||||| ||spa|| | ||
| 020 | _a958-9235-10-7 | ||
| 040 | _bspa | ||
| 082 | _aCo860.7 P426c | ||
| 100 | _aPeralta Gomez Andres | ||
| 245 | 0 | _aAnalisis literario Cronica de una muerte anunciada : Gabriel Garcia Marquez (Colombia) | |
| 260 | _c1999 | ||
| 264 | _aBogota (Colombia) : Esquilo | ||
| 942 |
_2ddc _cBKS |
||
| 999 |
_c5105 _d5105 |
||